000 00501nam a2200169Ia 4500
008 230917s9999||||xx |||||||||||||| ||und||
020 _cRS1595
040 _e241098
_aMAIN
041 _aEnglish
082 _a355.0218 S13T
100 _aSidhartha, S
245 0 _aTerrorism, insurgencies and counter insurgency, lessons from South Asia
260 _aNew Delhi
_bSurendera Publications
_c2017
300 _avii, 276 p.
500 _a2774 13/07/2017 RBP17/66617 18/07/2017 Main Budget
942 _cBK
999 _c23173
_d23173